Town centre retailing methodologies (Record no. 109980)

MARC details
000 -LEADER
fixed length control field 01175cad a22002535a 4500
001 - CONTROL NUMBER
control field E148266
008 - FIXED-LENGTH DATA ELEMENTS--GENERAL INFORMATION
fixed length control field 090825s2007 xxk f s000 0 eng d
020 ## - INTERNATIONAL STANDARD BOOK NUMBER
International Standard Book Number 9780755968770
035 ## - SYSTEM CONTROL NUMBER
System control number (Sirsi) u148266
041 0# - LANGUAGE CODE
Language code of text/sound track or separate title eng
050 04 - LIBRARY OF CONGRESS CALL NUMBER
Classification number 711.1 $2 18
110 2# - MAIN ENTRY--CORPORATE NAME
Corporate name or jurisdiction name as entry element Hargest & Wallace Planning Ltd
9 (RLIN) 5782
245 00 - TITLE STATEMENT
Title Town centre retailing methodologies
Remainder of title final report
Medium [electronic resource]
260 ## - PUBLICATION, DISTRIBUTION, ETC.
Place of publication, distribution, etc. Edinburgh
Name of publisher, distributor, etc. Scottish Government
Date of publication, distribution, etc. 2007
505 2# - FORMATTED CONTENTS NOTE
Formatted contents note Introduction -- The role of town centres and retailing -- Techniques for development planning -- Town centre health checks -- Town centre strategies -- Retail impact assessment -- Summary and conclusions
520 ## - SUMMARY, ETC.
Summary, etc. Sets out the results of research relating to the drawing up of a Planning Advice Note on town centres and retailing, which was proposed in SPP8 on Town Centres and Retailing (2006).
521 ## - TARGET AUDIENCE NOTE
Target audience note Advanced
590 ## - LOCAL NOTE (RLIN)
Local note KA
651 #4 - SUBJECT ADDED ENTRY--GEOGRAPHIC NAME
Geographic name Scotland
Chronological subdivision 1999-
690 ## - LOCAL SUBJECT ADDED ENTRY--TOPICAL TERM (OCLC, RLIN)
Topical term or geographic name as entry element PROPERTY-COMMERCIAL PROPERTY-RETAIL PROPERTY
710 1# - ADDED ENTRY--CORPORATE NAME
Corporate name or jurisdiction name as entry element Donaldsons
9 (RLIN) 3333
856 40 - ELECTRONIC LOCATION AND ACCESS
Uniform Resource Identifier <a href="https://www.scotland.gov.uk/Publications/2007/12/24105030/0">https://www.scotland.gov.uk/Publications/2007/12/24105030/0</a>
Public note View the report free of charge at www.scotland.gov.uk...
942 ## - ADDED ENTRY ELEMENTS (KOHA)
Suppress in OPAC 0
Holdings
Withdrawn status Lost status Source of classification or shelving scheme Damaged status Not for loan Home library Current library Shelving location Date acquired Total Checkouts Full call number Barcode Date last seen Copy number Price effective from Koha item type
    Dewey Decimal Classification     Virtual Virtual Online 25/08/2009   ONLINE PUBLICATION 148266-2001 06/08/2019 1 06/08/2019 Book